Playwork : a book for all those who believe that pigs have wings
Αποθηκεύτηκε σε:
| Κύριος συγγραφέας: | |
|---|---|
| Μορφή: | Βιβλίο |
| Γλώσσα: | English |
| Δημοσίευση: |
Essex :
ESA,
[197-]
|
| Θέματα: | |
| Ετικέτες: |
Προσθήκη ετικέτας
Δεν υπάρχουν, Καταχωρήστε ετικέτα πρώτοι!
|
MARC
| LEADER | 00000nam a2200000 i 4500 | ||
|---|---|---|---|
| 001 | 1/74139 | ||
| 008 | 961127q19701980 eng d | ||
| 035 | |a 1996 |b 3 |c Δωρεά |l 10031714 | ||
| 040 | |a GR-MY-UA |b gre |e aacr | ||
| 041 | 0 | |a eng | |
| 082 | 0 | |a 372.21 | |
| 100 | 1 | |a O'Connell, Sean. | |
| 245 | 1 | 0 | |a Playwork : |b a book for all those who believe that pigs have wings / |c Sean O'Connell ; drawings Mark Attelsey ; photography Julia Hedgecoe ; designed Roger Phillips |
| 260 | |a Essex : |b ESA, |c [197-] | ||
| 300 | |a 52 σ. | ||
| 650 | 0 | 0 | |a Education, Preschool. |
| 650 | 0 | 0 | |a Kindergarten. |
| 852 | |a INST |b RHODES |e 19961127 |h 372.21 OCO |p 005400006988 |q 005400006988 |t BK |y 0 | ||
| 909 | |a Ρ |b 042938 |c 1996 | ||
| 970 | |z 2000/08/ΔΕΜΕΝΑΓΑΣ ΠΕΤΡΟΣ | ||